000 00463nam a2200181Ia 4500
001 19681
005 20260306172711.0
008 260306t2016||||xx |||||||||||||| ||spa||
041 _aESP
082 _a341
_bCH533
100 _aChavez-Fernandez Postigo, José
_eAUT
245 0 _aInterpretación, prudencia y equidad en Luis Recaséns
260 _c2016
300 _a138 páginas :
_c20 cm.
650 _aGEN
654 _aCDE
942 _cLIB
_dJUS
_fJUS
_2ddc
_n
999 _c19681
_d19681